[Event "IECC Swiss-480.3"]
[Site "IECC email"]
[Date "2005.03.02"]
[Round "?"]
[White "Lubbers, Jan Willem"]
[Black "Basson, Heinrich"]
[Result "1-0"]
[WhiteElo "1620"]
[BlackElo "1703"]
[PlyCount "63"]
[EventDate "2005.??.??"]
[EventType "swiss (corr)"]
[EventRounds "1"]
[SourceTitle "Corr 2020"]
[Source "ChessBase"]
[SourceDate "2019.09.30"]
[SourceVersion "1"]
[SourceVersionDate "2019.09.30"]
[SourceQuality "1"]
[WhiteTeam "Netherlands"]
[BlackTeam "South Africa"]
[WhiteTeamCountry "NED"]
[BlackTeamCountry "RSA"]

1. d4 d5 2. c4 dxc4 3. Nf3 Nf6 4. Nc3 c6 5. a4 Bf5 6. Ne5 e6 7. f3 Bb4 8. e4 Bxe4 9. fxe4 Nxe4 10. Bd2 Qh4+ 11. g3 Nxg3 12. hxg3 Qxh1 13. Qg4 Rg8 14. 0-0-0 h5 15. Qf4 f6 16. Nxc4 Bxc3 17. Bxc3 Qd5 18. Nd6+ Ke7 19. Bb4 Na6 20. Ba3 Kd7 21. Bc4 Qg5 22. Nxb7 Qxf4+ 23. gxf4 Nc7 24. Nc5+ Kd8 25. Nxe6+ Nxe6 26. Bxe6 Re8 27. d5 Kc7 28. Rg1 cxd5 29. Rxg7+ Kb6 30. Bxd5 Rac8+ 31. Kb1 Re1+ 32. Ka2 1-0